000 00195 a2200097 4500
020 _a9789876670746
041 _aspa
100 _aGarabal, Tito
245 _aFrancisco Rezamos por ti
942 _cBK
999 _c13697
_d13697